[Event "Brasschaat op 03rd"]
[Site "Brasschaat"]
[Date "2003.08.??"]
[Round "4"]
[White "Baete, Julien"]
[Black "Verelst, Siemen"]
[Result "1/2-1/2"]
[WhiteElo "1755"]
[BlackElo "1247"]
[PlyCount "40"]
[EventDate "2003.08.24"]
[EventType "swiss"]
[EventRounds "9"]
[EventCountry "BEL"]
[SourceTitle "EXT 2017"]
[Source "ChessBase"]
[SourceDate "2016.10.25"]
[SourceVersion "1"]
[SourceVersionDate "2016.10.25"]
[SourceQuality "1"]

1. Nf3 d5 2. g3 Nf6 3. Bg2 c5 4. 0-0 e6 5. d4 Nc6 6. a3 Bd7 7. Re1 Qb6 8. dxc5 Bxc5 9. e3 0-0 10. Nc3 Bd6 11. Ne2 Ne5 12. h3 Rac8 13. b3 Nxf3+ 14. Bxf3 Be5 15. Nd4 Bxd4 16. exd4 Bb5 17. a4 Ba6 18. Ba3 Rfe8 19. Rc1 Rc3 20. Bg2 Rec8 1/2-1/2

[Event "Brasschaat op 03rd"]
[Site "Brasschaat"]
[Date "2003.08.??"]
[Round "8"]
[White "Van Camp, Koen"]
[Black "Verelst, Siemen"]
[Result "0-1"]
[WhiteElo "1686"]
[BlackElo "1247"]
[PlyCount "40"]
[EventDate "2003.08.24"]
[EventType "swiss"]
[EventRounds "9"]
[EventCountry "BEL"]
[SourceTitle "EXT 2017"]
[Source "ChessBase"]
[SourceDate "2016.10.25"]
[SourceVersion "1"]
[SourceVersionDate "2016.10.25"]
[SourceQuality "1"]

1. e4 e6 2. Nc3 d5 3. exd5 exd5 4. d4 Nc6 5. Nf3 Bb4 6. Bb5 Bxc3+ 7. bxc3 Bd7 8. 0-0 Nge7 9. Ba3 0-0 10. Bxc6 Bxc6 11. Ne5 Bb5 12. Re1 Re8 13. Rb1 Ba6 14. Qf3 f6 15. Ng4 c6 16. Re3 Ng6 17. Rbe1 Qd7 18. Qxf6 Rxe3 19. Nh6+ Kh8 20. Rxe3 gxf6 0-1